| 000 | 00346nam a2200133 a 4500 | ||
|---|---|---|---|
| 001 | 4235 | ||
| 003 | CDMR | ||
| 005 | 20130116135254.0 | ||
| 008 | 130130s1962||||||||||||||||||||||||||||d | ||
| 040 |
_aCDMR _bcat _cCDMR |
||
| 245 | 0 |
_aComunication et informacion _bRevue internacionale des sciencies sociales |
|
| 260 |
_aParis _c1962 _bUnesco |
||
| 942 | _cMON | ||
| 999 |
_c4235 _d4235 |
||